Top Mother Tongues Spoken in Nepal - Statistics

General Stats
  • This quiz has been taken 60 times
  • The average score is 9 of 20
Answer Stats
Percentage Language % Correct
44.86 Nepali
100%
2.96 Nepal Bhasa (Newa:)
85%
1.12 Gurung
67%
2.78 Magar
67%
11.05 Maithili
67%
0.50 Rai
67%
6.24 Bhojpuri
63%
4.88 Tamang
63%
1.20 Yakthung (Limbu)
63%
0.40 Sherpa
59%
5.88 Tharu
59%
1.42 Urdu
56%
1.70 Doteli
19%
2.96 Awadhi
15%
0.45 Rajbanshi
15%
0.52 Baitadeli
11%
3.89 Bajjika
11%
0.48 Achhami
7%
0.47 Bantawa
7%
0.79 Magahi
7%
No matching quizzes found
Score Distribution
Percent of People with Each Score
Percentile by Number Answered
Your Score History
You have not taken this quiz